[Event "Olympiad-44"]
[Site "Chennai"]
[Date "2022.07.30"]
[Round "2.4"]
[White "Flores, Diego"]
[Black "Chinchilla Miranda, Eugenio"]
[Result "1-0"]
[WhiteElo "2528"]
[BlackElo "2206"]
[PlyCount "75"]
[EventDate "2022.07.29"]
[EventType "team-swiss"]
[EventRounds "11"]
[EventCountry "IND"]
[SourceTitle "CBM 210"]
[Source "ChessBase"]
[SourceDate "2022.10.31"]
[SourceVersion "1"]
[SourceVersionDate "2022.10.31"]
[SourceQuality "1"]
[WhiteTeam "Argentina"]
[BlackTeam "Costa Rica"]
[WhiteTeamCountry "ARG"]
[BlackTeamCountry "CRI"]

1. Nf3 d5 2. e3 Nf6 3. c4 e6 4. Nc3 c5 5. cxd5 exd5 6. Bb5+ Nc6 7. d4 cxd4 8. Nxd4 Bd7 9. 0-0 Bd6 10. b3 0-0 11. Bb2 Rc8 12. Rc1 Re8 13. Nce2 a6 14. Bd3 Ne4 15. Ng3 Bxg3 16. hxg3 Ne5 17. Rxc8 Bxc8 18. Be2 Qd6 19. g4 Bd7 20. Nf5 Bxf5 21. gxf5 f6 22. Qd4 Nc6 23. Qb6 Qd7 24. Bd3 Ne5 25. Bxe5 Rxe5 26. Rc1 Re7 27. Qd4 h6 28. f3 Ng5 29. Rc5 Qd6 30. f4 Nf7 31. Rxd5 Qa3 32. Bc4 Qc1+ 33. Kh2 b5 34. Rd8+ Kh7 35. Bxf7 Rxf7 36. Qe4 Qe1 37. Qf3 Re7 38. Qh5 1-0

[Event "FIDE World Cup American Qual Gp8"]
[Site "Tornelo INT"]
[Date "2021.05.23"]
[Round "1.2"]
[White "Almiron, Antonio"]
[Black "Chinchilla Miranda, Eugenio"]
[Result "1-0"]
[WhiteElo "2366"]
[BlackElo "2218"]
[PlyCount "121"]
[EventDate "2021.05.22"]
[EventType "k.o. (rapid)"]
[EventRounds "4"]
[EventCountry "USA"]
[SourceTitle "CBM 202 Extra"]
[Source "ChessBase"]
[SourceDate "2021.07.31"]
[SourceVersion "1"]
[SourceVersionDate "2021.07.31"]
[SourceQuality "1"]

1. c4 e5 2. Nc3 Nc6 3. e3 d6 4. d4 Be7 5. Nf3 f5 6. b4 e4 7. Nd2 Nf6 8. b5 Nb8 9. a4 0-0 10. Be2 c6 11. 0-0 d5 12. Qb3 Kh8 13. Ba3 Rf7 14. bxc6 bxc6 15. Rfc1 Bxa3 16. Qxa3 Be6 17. cxd5 cxd5 18. Nb5 Ne8 19. Nb3 f4 20. Nc5 Bc8 21. exf4 a6 22. Nc3 Nc6 23. Qa2 Nxd4 24. Rd1 Nxe2+ 25. Nxe2 Nf6 26. h3 Qd6 27. Rac1 Rc7 28. Nb3 Bd7 29. Rxc7 Qxc7 30. Rc1 Qd6 31. Qa1 Rc8 32. Rxc8+ Bxc8 33. Qd4 h6 34. Qc5 Qxc5 35. Nxc5 Kg8 36. Nd4 Bd7 37. g4 Bc8 38. Nc6 Kf8 39. Na7 Nd7 40. Nxe4 dxe4 41. Nxc8 Nc5 42. a5 Nb3 43. Nd6 Nxa5 44. Nxe4 Nc4 45. Kf1 Ke7 46. Ke2 Nb6 47. f5 a5 48. h4 a4 49. Kd3 Nd5 50. Nc3 Nf6 51. g5 hxg5 52. hxg5 Ng4 53. f3 Nh2 54. Ke2 Kd6 55. Nxa4 Ke5 56. f6 gxf6 57. g6 Ke6 58. Nc5+ Ke7 59. Kf2 f5 60. g7 Kf7 61. Ne6 1-0

[Event "American World Cup Q Prelim"]
[Site "Tornelo INT"]
[Date "2021.05.09"]
[Round "6"]
[White "Diaz Charpentier, Kristel Melissa"]
[Black "Chinchilla Miranda, Eugenio"]
[Result "1-0"]
[WhiteElo "1898"]
[BlackElo "2218"]
[PlyCount "83"]
[EventDate "2021.05.08"]
[EventType "swiss (rapid)"]
[EventRounds "9"]
[EventCountry "USA"]
[SourceTitle "CBM 202 Extra"]
[Source "ChessBase"]
[SourceDate "2021.07.31"]
[SourceVersion "1"]
[SourceVersionDate "2021.07.31"]
[SourceQuality "1"]

1. Nf3 d5 2. b3 c5 3. e3 f6 4. c4 d4 5. Bb2 e5 6. Nxe5 fxe5 7. Qh5+ Kd7 8. Qxe5 Nc6 9. Qg3 Nf6 10. Bd3 Qc7 11. f4 Qd6 12. 0-0 Nb4 13. exd4 cxd4 14. Na3 a6 15. Rae1 Kc7 16. c5 Qd8 17. f5+ Kc6 18. Nc4 Bxc5 19. Rc1 Re8 20. Ne5+ Kb6 21. Bc4 Ne4 22. Qxg7 d3+ 23. Kh1 Nf2+ 24. Rxf2 Bxf2 25. f6 Bf5 26. f7 Rf8 27. a3 Nc2 28. Nxd3 Bxd3 29. Bxd3 Qxd3 30. Qf6+ Ka7 31. Qxf2+ b6 32. Qf6 Rad8 33. Qe7+ Qd7 34. Qxd7+ Rxd7 35. Rxc2 Rdxf7 36. h3 Rf2 37. Bd4 Re2 38. Rc7+ Kb8 39. Rxh7 Rxd2 40. Bxb6 Rb2 41. b4 Rb3 42. Bc5 1-0

[Event "American World Cup Q Prelim"]
[Site "Tornelo INT"]
[Date "2021.05.08"]
[Round "2"]
[White "Plotkin, Mark"]
[Black "Chinchilla Miranda, Eugenio"]
[Result "1-0"]
[WhiteElo "2430"]
[BlackElo "2218"]
[PlyCount "45"]
[EventDate "2021.05.08"]
[EventType "swiss (rapid)"]
[EventRounds "9"]
[EventCountry "USA"]
[SourceTitle "CBM 202 Extra"]
[Source "ChessBase"]
[SourceDate "2021.07.31"]
[SourceVersion "1"]
[SourceVersionDate "2021.07.31"]
[SourceQuality "1"]

1. e4 e6 2. d4 d5 3. Nd2 Be7 4. Ngf3 Nf6 5. Bd3 c5 6. exd5 Qxd5 7. dxc5 Bxc5 8. 0-0 Nc6 9. a3 0-0 10. b4 Be7 11. Bb2 b6 12. Qe2 Bb7 13. Rad1 Rfd8 14. Ne4 Nxe4 15. Bxe4 Qh5 16. c4 Bf6 17. Bxf6 gxf6 18. Qe3 Kg7 19. Qf4 Rac8 20. b5 Na5 21. Rxd8 Rxd8 22. Bxb7 Nxb7 23. Qc7 1-0

[Event "Wch Seniors 50 29th"]
[Site "Bucharest"]
[Date "2019.11.22"]
[Round "10"]
[White "Cmiel, Thorsten"]
[Black "Chinchilla Miranda, Eugenio"]
[Result "1/2-1/2"]
[WhiteElo "2068"]
[BlackElo "2271"]
[PlyCount "61"]
[EventDate "2019.11.12"]
[EventType "swiss"]
[EventRounds "11"]
[EventCountry "ROU"]
[SourceTitle "CBM 193 Extra"]
[Source "ChessBase"]
[SourceDate "2020.01.31"]
[SourceVersion "1"]
[SourceVersionDate "2020.01.31"]
[SourceQuality "1"]

1. d4 d5 2. Nf3 e6 3. g3 f5 4. Bg2 Nf6 5. 0-0 Bd6 6. c4 c6 7. Nbd2 0-0 8. Ne5 Nbd7 9. Nd3 b6 10. Qc2 Bb7 11. Nf3 Ne4 12. Bf4 Be7 13. Nfe5 Ndf6 14. cxd5 cxd5 15. Nc6 Bxc6 16. Qxc6 Qd7 17. Ne5 Qxc6 18. Nxc6 Bd6 19. Bxd6 Nxd6 20. Rfc1 Nd7 21. e3 Rfe8 22. Bf1 a5 23. a4 Kf8 24. Bb5 Rec8 25. Rc3 Ne4 26. Rc2 Rc7 27. Rac1 Rac8 28. Ba6 Ra8 29. Bb5 Rac8 30. Ba6 Ra8 31. Bb5 1/2-1/2

[Event "Vazquez Memorial IM 17th"]
[Site "Mayabeque"]
[Date "2019.09.27"]
[Round "4"]
[White "Campos Jimenez, Augusto Cesar"]
[Black "Chinchilla Miranda, Eugenio"]
[Result "1-0"]
[WhiteElo "2373"]
[BlackElo "2247"]
[PlyCount "43"]
[EventDate "2019.09.25"]
[EventType "tourn"]
[EventRounds "9"]
[EventCountry "CUB"]
[EventCategory "1"]
[SourceTitle "EXT 2020"]
[Source "ChessBase"]
[SourceDate "2019.10.17"]
[SourceVersion "1"]
[SourceVersionDate "2019.10.17"]
[SourceQuality "1"]

1. e4 e6 2. d4 d5 3. Nc3 Nf6 4. Bg5 Bb4 5. e5 h6 6. Be3 Ne4 7. Qg4 g6 8. a3 Bxc3+ 9. bxc3 c5 10. Bd3 h5 11. Qf4 g5 12. Qf3 Nxc3 13. dxc5 d4 14. Bd2 Bd7 15. Qg3 Bc6 16. Bxg5 h4 17. Qf4 Qd5 18. Qf6 Kd7 19. Qxh8 Kc7 20. Nf3 h3 21. Qxh3 Nd7 22. Be7 1-0

[Event "Guillermo Garcia Memorial-C 28th"]
[Site "Santa Clara"]
[Date "2019.04.29"]
[Round "7"]
[White "Perez Leiva, Jerzy Jesus"]
[Black "Chinchilla Miranda, Eugenio"]
[Result "1-0"]
[WhiteElo "2354"]
[BlackElo "2249"]
[PlyCount "51"]
[EventDate "2019.04.23"]
[EventType "tourn"]
[EventRounds "9"]
[EventCountry "CUB"]
[EventCategory "2"]
[SourceTitle "CBM 190 Extra"]
[Source "ChessBase"]
[SourceDate "2019.07.15"]
[SourceVersion "1"]
[SourceVersionDate "2019.07.15"]
[SourceQuality "1"]

1. e4 e6 2. d4 d5 3. Nd2 Be7 4. Bd3 c5 5. dxc5 Nf6 6. Qe2 0-0 7. Ngf3 a5 8. e5 Nfd7 9. h4 f5 10. exf6 Nxf6 11. Ne5 Nc6 12. Ndf3 Bxc5 13. Bg5 Nxe5 14. Nxe5 Qb6 15. 0-0 Qxb2 16. Rab1 Qd4 17. c3 Qa4 18. Rb5 Be7 19. Bc2 Qa3 20. Qd3 Ne4 21. Rxd5 exd5 22. Qxd5+ Kh8 23. Bxe7 Nf6 24. Nf7+ Kg8 25. Bxh7+ Kxh7 26. Qd3+ 1-0

[Event "Guillermo Garcia Memorial-C 28th"]
[Site "Santa Clara"]
[Date "2019.04.27"]
[Round "5"]
[White "Chinchilla Miranda, Eugenio"]
[Black "Miranda Llanes, Yerisbel"]
[Result "1-0"]
[WhiteElo "2249"]
[BlackElo "2293"]
[PlyCount "163"]
[EventDate "2019.04.23"]
[EventType "tourn"]
[EventRounds "9"]
[EventCountry "CUB"]
[EventCategory "2"]
[SourceTitle "CBM 190 Extra"]
[Source "ChessBase"]
[SourceDate "2019.07.15"]
[SourceVersion "1"]
[SourceVersionDate "2019.07.15"]
[SourceQuality "1"]

1. d4 d5 2. c4 c6 3. Nf3 Nf6 4. Nc3 e6 5. Bg5 Nbd7 6. cxd5 exd5 7. e3 Qa5 8. Bd3 Ne4 9. 0-0 Nxg5 10. Nxg5 Nf6 11. h3 h6 12. Nf3 Bd6 13. Ne5 0-0 14. f4 c5 15. Qe1 c4 16. Bc2 Bb4 17. g4 Nd7 18. a3 Bxc3 19. bxc3 Re8 20. Qd2 Nf8 21. Kh2 Qa6 22. g5 Nd7 23. Qg2 Qe6 24. Rg1 Nxe5 25. fxe5 hxg5 26. Raf1 Qh6 27. Bf5 Be6 28. Qxg5 Qxg5 29. Rxg5 Bxf5 30. Rgxf5 Re7 31. Rb1 Rc8 32. Rb5 Rd7 33. Kg3 Rc6 34. a4 Rg6+ 35. Kf2 Rh6 36. Kg3 Rg6+ 37. Kf2 Rh6 38. Rf3 Ra6 39. a5 Rh6 40. Rg3 Rh4 41. Rc5 Kh7 42. Kg2 Re4 43. Kf3 Rh4 44. Kf2 g6 45. Rf3 Kg7 46. Kg2 Re4 47. Rb5 Kh7 48. Rg3 Kg7 49. Kf3 Rh4 50. Rc5 Kf8 51. Kg2 Re4 52. Kf2 Rh4 53. Kg2 Re4 54. Rf3 Kg7 55. Rc8 Kh7 56. Kf2 Rh4 57. Kg1 Kg7 58. Kg2 Re4 59. Rg3 f6 60. exf6+ Kxf6 61. Rg8 Rde7 62. R8xg6+ Kf7 63. Rg7+ Kf8 64. Rg8+ Kf7 65. R8g7+ Kf8 66. Rxe7 Kxe7 67. Kf3 Kd6 68. Rg6+ Re6 69. Rg5 Rf6+ 70. Kg3 Kc6 71. h4 Rf1 72. h5 Rh1 73. Kf4 b5 74. axb6 axb6 75. Ke5 Rh3 76. Kf4 Rh4+ 77. Kf5 Rh3 78. Kg6 b5 79. h6 Rxe3 80. h7 Re8 81. Kf7 Rb8 82. Rg8 1-0